书目信息 |
| 题名: |
亨利八世和他的六位妻子
|
|
| 作者: | 古尔德 著 ;商海燕 译 | |
| 分册: | ||
| 出版信息: | 北京 外语教学与研究出版社 2003.10 |
|
| 页数: | 72页 | |
| 开本: | 19cm | |
| 丛书名: | 书虫·牛津英汉对照读物 | |
| 单 册: | ||
| 中图分类: | H319.4:I | |
| 科图分类: | ||
| 主题词: | 英语 | |
| 电子资源: | ||
| ISBN: | 7-5600-3684-8 | |
| 000 | 00746nam0 2200241 45 | |
| 001 | 0465289282 | |
| 005 | 20041210151801.82 | |
| 010 | @a7-5600-3684-8@dCNY 2.90 | |
| 100 | @a20040526d2003 km y0chiy0120 ea | |
| 101 | 0 | @achi |
| 102 | @aCN@b110000 | |
| 200 | 1 | @a亨利八世和他的六位妻子@Aheng li ba shi he ta de liu wei qi zi@f(英)古尔德著;商海燕译@F(ying)gu er de zhu;shang hai yan yi |
| 210 | @a北京@c外语教学与研究出版社@d2003.10 | |
| 215 | @a72页@d19cm | |
| 225 | 2 | @a书虫·牛津英汉对照读物 |
| 300 | @a英汉对照 | |
| 410 | 0 | @12001 @a书虫·牛津英汉对照读物 |
| 606 | 0 | @a英语 |
| 690 | 1 | @aH319.4:I@v4 |
| 701 | 0 | @a古尔德@Agu er de@4著 |
| 702 | 0 | @a商海燕@Ashang hai yan@4译 |
| 801 | 0 | @aCN@bPFT@c20041210 |
| 905 | @a10447@dH319.4:I@eG440 | |
| 亨利八世和他的六位妻子/(英)古尔德著;商海燕译.-北京:外语教学与研究出版社,2003.10 |
| 72页;19cm.-(书虫·牛津英汉对照读物) |
| 英汉对照 |
| ISBN 7-5600-3684-8:CNY 2.90 |
| ● |
| 相关链接 |
|
|
|
正题名:亨利八世和他的六位妻子
索取号:H319.4:I/G440
 
预约/预借
| 序号 | 登录号 | 条形码 | 馆藏地/架位号 | 状态 | 备注 |
| 1 | 377742 | 203777421 | 语言库209/209语言库 53排2列6层/ [索取号:H319.4:I/G440] | 在馆 | |
| 2 | 377743 | 203777430 | 语言库209/209语言库 53排2列6层/ [索取号:H319.4:I/G440] | 在馆 | |
| 3 | 377744 | 203777449 | 语言库209/209语言库 53排2列6层/ [索取号:H319.4:I/G440] | 在馆 | |
| 4 | 377745 | 203777458 | 语言库209/209语言库 53排2列6层/ [索取号:H319.4:I/G440] | 在馆 | |
| 5 | 377746 | 203777467 | 语言库209/ [索取号:H319.4:I/G440] | 在馆 | |
| 6 | 432695 | 204326951 | 语言库209/209语言库 53排2列6层/ [索取号:H319.4:I/G440] | 在馆 | |
| 7 | 432696 | 204326960 | 语言库209/209语言库 53排2列6层/ [索取号:H319.4:I/G440] | 在馆 | |
| 8 | 432697 | 204326979 | 语言库209/209语言库 53排2列6层/ [索取号:H319.4:I/G440] | 在馆 |